|
|
|
|
| LEADER |
00962nam a2200229 a 4500 |
| 001 |
2195107 |
| 008 |
090519s1974maua b 001 0 eng d |
| 010 |
|
|
|a \\\73002811
|
| 040 |
|
|
|a DLC
|c DLC
|d DLC
|
| 082 |
0 |
0 |
|a 573.2
|
| 100 |
1 |
|
|a Washburn, S. L.
|q (Sherwood Larned),
|d 1911-2000.
|
| 245 |
1 |
0 |
|a Ape into man;
|b a study of human evolution
|c by S. L. Washburn and Ruth Moore.
|
| 260 |
|
|
|a Boston,
|b Little, Brown
|c c1974
|
| 300 |
|
|
|a xii, 196 p.
|b illus.
|c 20 cm.
|
| 500 |
|
|
|a Second ed. published in 1980 under title: Ape into human.
|
| 504 |
|
|
|a Includes bibliographical references.
|
| 541 |
1 |
|
|e 00000197
|
| 650 |
|
0 |
|a Human evolution.
|
| 700 |
1 |
|
|a Moore, Ruth E.,
|e joint author.
|
| 852 |
4 |
|
|a Ayesha Abed Library
|j Generalshelf
|
| 999 |
|
|
|c 886
|d 886
|
| 952 |
|
|
|0 0
|1 0
|2 ddc
|4 1
|6 573_200000000000000_WAS
|7 0
|8 NFIC
|9 824
|a BRACUL
|b BRACUL
|c SPS
|d 2009-05-19
|g 0.00
|l 3
|m 11
|o 573.2 WAS
|p 3010000197
|r 2012-04-10
|s 2012-03-14
|t 1
|w 2009-05-19
|y BK
|z Damaged
|x No price found in the accession register.
|